000 01007nam a22003377a 4500
001 BR2022000904
003 BR-BrBNA
005 20230928105700.0
007 ta
008 230509b bl.||||| |||| 00| 0 por d
040 _aBR-BrBNA
_bpor
_cBiblioteca Nacional de Agricultura
041 _a(Por)
072 _aF04; F61; P35
_b3801
090 _ 3801 BR2022000904
100 1 _aSantos, J.G. dos (ed.)
110 1 _aAssociação Brasileira das Indústrias de Tecnologia em Nutrição Vegetal, São Paulo, SP (Brasil)
_9794
245 1 _aAnuário brasileiro de tecnologia em nutrição vegetal, 2017
250 1 _a3. ed.
260 3 _aSão Paulo, SP (Brasil):
_c2017.
300 _a168 p.
500 _a105 illusl.; 2 tables; 27 graphs
650 _aNUTRIÇÃO VEGETAL
650 _aADUBAÇÃO
650 _aFERTILIZANTE
650 _aFISIOLOGIA VEGETAL
650 _aTECNOLOGIA
650 _aINOVAÇÃO
650 _aINDÚSTRIA
909 _a202309
_bLucia
_c55
_dLucia Elande
942 _cBK
999 _c86180
_d86180